[Event "POL-ch sf"]
[Site "Polanczyk"]
[Date "2000.11.05"]
[Round "2"]
[White "Kaszowski, Dariusz"]
[Black "Pakleza, Zbigniew"]
[Result "1-0"]
[WhiteElo "2250"]
[BlackElo "2127"]
[PlyCount "165"]
[EventDate "2000.11.04"]
[EventType "swiss"]
[EventRounds "9"]
[EventCountry "POL"]
[SourceTitle "CBM 079 Extra"]
[Source "ChessBase"]
[SourceDate "2001.01.11"]
[SourceVersion "2"]
[SourceVersionDate "2001.01.25"]
[SourceQuality "1"]

1. d4 Nf6 2. c4 c5 3. d5 e5 4. Nc3 d6 5. e4 Be7 6. Nf3 0-0 7. Be2 Ne8 8. a3 g6 9. Bh6 Ng7 10. h4 Bg4 11. Nd2 Bxe2 12. Qxe2 Nd7 13. 0-0-0 Kh8 14. h5 Bg5 15. hxg6 fxg6 16. Bxg5 Qxg5 17. g4 a6 18. Rh3 Nf6 19. f3 Ng8 20. Rdh1 h6 21. Kc2 Rf7 22. R3h2 Rb8 23. Rb1 Rc7 24. Rhh1 Ne8 25. b4 cxb4 26. Rxb4 Nef6 27. Rb6 Ne8 28. Kd3 Ngf6 29. Qe3 Qxe3+ 30. Kxe3 Kg7 31. a4 Nd7 32. Rb4 Nc5 33. a5 Nf6 34. Rb6 Rd8 35. Rhb1 Rdd7 36. R6b4 Rd8 37. Rb6 Kf8 38. Rh1 Ng8 39. Rhb1 Nf6 40. Rg1 Ng8 41. Ne2 Re7 42. g5 hxg5 43. Rxg5 Kf7 44. Rb1 Nf6 45. Rb6 Na4 46. Rb1 Nc5 47. Rg2 Rh8 48. Rb6 Ne8 49. Rg1 Kf6 50. Nc1 Rc7 51. Nd3 Rh2 52. Nxc5 Rxc5 53. Ra1 Rc7 54. Kd3 g5 55. Rc1 g4 56. fxg4 Rh3+ 57. Ke2 Rh2+ 58. Ke3 Rh3+ 59. Nf3 Rc5 60. g5+ Kg6 61. Rxb7 Rxa5 62. Rc3 Ra2 63. Re7 Ng7 64. Rd7 Ne8 65. c5 dxc5 66. Re7 Ng7 67. Rxe5 Kf7 68. Rb3 c4 69. Rb7+ Kg6 70. Ree7 Ra3+ 71. Kd4 Rhxf3 72. Rxg7+ Kh5 73. Kxc4 Rfd3 74. Kc5 Re3 75. Rbe7 Rac3+ 76. Kd6 Rc4 77. e5 Rd4 78. Ke6 Kg4 79. d6 a5 80. g6 Rde4 81. Rh7 Rxe5+ 82. Kd7 Kf5 83. Rh5+ 1-0

[Event "POL-ch sf"]
[Site "Polanczyk"]
[Date "2000.11.04"]
[Round "1"]
[White "Stopa, Jacek"]
[Black "Kaszowski, Dariusz"]
[Result "1/2-1/2"]
[WhiteElo "2056"]
[BlackElo "2250"]
[PlyCount "61"]
[EventDate "2000.11.04"]
[EventType "swiss"]
[EventRounds "9"]
[EventCountry "POL"]
[SourceTitle "CBM 079 Extra"]
[Source "ChessBase"]
[SourceDate "2001.01.11"]
[SourceVersion "2"]
[SourceVersionDate "2001.01.25"]
[SourceQuality "1"]

1. e4 c5 2. Nf3 e6 3. d4 cxd4 4. Nxd4 a6 5. Bd3 Bc5 6. Nb3 Ba7 7. Qe2 Nc6 8. Be3 d6 9. Nc3 b5 10. Bxa7 Rxa7 11. Qe3 Nge7 12. 0-0-0 Rd7 13. f4 0-0 14. Rhf1 Qc7 15. f5 Rdd8 16. g4 Ne5 17. Qg5 f6 18. Qf4 b4 19. Ne2 a5 20. Kb1 a4 21. Nbc1 a3 22. b3 Bb7 23. Qd2 exf5 24. gxf5 Qb6 25. Nf4 Rd7 26. Ne6 Rf7 27. Ne2 d5 28. Qf4 dxe4 29. Bxe4 Nd5 30. Bxd5 Bxd5 31. N2d4 1/2-1/2

[Event "POL-chT 2nd div North"]
[Site "Lublin"]
[Date "1999.??.??"]
[Round "5"]
[White "Kaszowski, Dariusz"]
[Black "Borgula, Rafal"]
[Result "1/2-1/2"]
[WhiteElo "2310"]
[BlackElo "2145"]
[PlyCount "52"]
[EventDate "1999.09.11"]
[EventType "team-swiss"]
[EventRounds "8"]
[EventCountry "POL"]
[SourceTitle "EXT 2003"]
[Source "ChessBase"]
[SourceDate "2002.11.25"]
[SourceVersion "1"]
[SourceVersionDate "2002.11.25"]
[SourceQuality "1"]
[WhiteTeam "Poznan Lech"]
[BlackTeam "Kujawski Solec"]
[WhiteTeamCountry "POL"]
[BlackTeamCountry "POL"]

1. d4 Nf6 2. c4 e6 3. Nc3 Bb4 4. Qc2 Bxc3+ 5. Qxc3 b5 6. cxb5 c6 7. Bg5 cxb5 8. e3 Bb7 9. Nf3 Qb6 10. Rc1 0-0 11. Bxf6 gxf6 12. Qb4 a6 13. d5 Bxd5 14. Bd3 f5 15. Qf4 f6 16. g4 Bxf3 17. Qxf3 Nc6 18. gxf5 Ne5 19. Qe4 Kh8 20. fxe6 Nxd3+ 21. Qxd3 dxe6 22. Qc3 Qb7 23. Ke2 Qd5 24. Rhd1 Qh5+ 25. Ke1 Qxh2 26. Rd7 Qg1+ 1/2-1/2

[Event "Poznan Pocztowiec-ch op-B"]
[Site "Poznan"]
[Date "1999.??.??"]
[Round "8"]
[White "Kaszowski, Dariusz"]
[Black "Chojnacki, Krzysztof"]
[Result "1/2-1/2"]
[WhiteElo "2297"]
[BlackElo "2156"]
[PlyCount "132"]
[EventDate "1999.??.??"]
[EventType "swiss"]
[EventRounds "9"]
[EventCountry "POL"]
[SourceTitle "EXT 2003"]
[Source "ChessBase"]
[SourceDate "2002.11.25"]
[SourceVersion "1"]
[SourceVersionDate "2002.11.25"]
[SourceQuality "1"]

1. d4 Nf6 2. c4 g6 3. Nc3 d5 4. Nf3 Bg7 5. Qb3 dxc4 6. Qxc4 0-0 7. e4 c6 8. Qb3 Qb6 9. Bc4 Na6 10. e5 Qxb3 11. Bxb3 Nd7 12. Bg5 e6 13. Ne4 c5 14. Be3 cxd4 15. Bxd4 Nb4 16. Nf6+ Nxf6 17. exf6 Bh6 18. Rd1 Nd5 19. Bc5 Rd8 20. Be7 Rd7 21. Ne5 Rxe7 22. fxe7 Nxe7 23. Rd8+ Kg7 24. 0-0 Bf4 25. Nc4 Nc6 26. Rdd1 b6 27. g3 Bg5 28. Nd6 Ba6 29. Bc4 Bxc4 30. Nxc4 Bf6 31. b3 b5 32. Nd6 a6 33. Rc1 Ne7 34. Rfd1 Be5 35. f4 Bxd6 36. Rxd6 Nd5 37. a3 a5 38. Rc5 b4 39. a4 Ra7 40. Rcc6 h5 41. Kf2 h4 42. Kf3 hxg3 43. hxg3 Ne7 44. Rc5 Nd5 45. Ke4 Nc3+ 46. Kd3 Kf6 47. Rd4 Ke7 48. Kc4 Ne2 49. Rd3 Nc3 50. Rc6 Nd5 51. Kb5 Ra8 52. Rc5 Ra7 53. Rdxd5 exd5 54. Rxd5 Ke6 55. Re5+ Kd6 56. Kb6 Rc7 57. Kxa5 Rc3 58. Kxb4 Rxg3 59. Re4 Kc6 60. Kc4 Rg1 61. b4 Rc1+ 62. Kb3 Rb1+ 63. Kc3 Rc1+ 64. Kd4 Rd1+ 65. Ke5 Rd5+ 66. Kf6 Rf5+ 1/2-1/2